All Songs of You’ll Be Alright, Kid by Alex Warren - Statistics

General Stats
  • This quiz has been taken 29 times
  • The average score is 16 of 21
Answer Stats
Hint Answer % Correct
X You’ll Be Alright, Kid
96%
Y Bloodline
92%
Y Ordinary
92%
X Burning Down
84%
X Carry You Home
84%
Y Eternity
84%
X Catch My Breath
80%
X Save You a Seat
80%
Y First Time on Earth
76%
X Troubled Waters
76%
Y You Can’t Stop This
76%
X Before You Leave Me
72%
X Chasing Shadows
72%
Y Getaway Car
72%
X Heaven Without You
72%
Y The Outside
72%
Y On My Mind
68%
X Yard Sale
68%
Y Never Be Far
64%
Y Everything
60%
Y Who I Am
52%
No matching quizzes found
Score Distribution
Percent of People with Each Score
Percentile by Number Answered
Your Score History
You have not taken this quiz